| 000 | 00431 a2200157 4500 | ||
|---|---|---|---|
| 999 |
_c4370 _d4370 |
||
| 020 | _a0797419926 | ||
| 050 | 0 | 0 | _aPR9390 MAS 1999 |
| 100 | 1 |
_aMasitera, Lilian _eauthor |
|
| 245 | 1 | 0 |
_aNow I can play / _cLilian Masitera. |
| 264 |
_aBelvedere, Harare : _bL. Masitera, _c1999 |
||
| 300 | _a62 p. ; | ||
| 500 | _acover picture | ||
| 650 | _aNow i can play | ||
| 942 |
_2lcc _cBK _h9390 _iMAS _kPR |
||